Selected papers in logic and foundations, didactics, economics /

Bibliographic Details
Main Author: Menger, Karl, 1902-1985
Format: Book
Language:English
Published: Dordrecht ; Boston : D. Reidel Pub. Co., [1978]
Series:Vienna Circle collection ; v. 10.
Subjects:

MARC

Tag First Indicator Second Indicator Subfields
LEADER 00000cam a22000008i 4500
001 in00000247913
005 20151009090630.0
008 780815s1978 ne ac b 00110 eng
010 |a  78012374  
020 |z 9027703205. 
020 |a 9027703213 (pbk.) 
035 |a (OCoLC)04195115 
035 |9 ABA3618AM 
040 |a DLC  |c DLC  |d TXA  |d UtOrBLW 
049 |a TXAM  |c 1 [929532], 2 [1113720] 
050 0 0 |a QA8.4  |b .M46 
082 0 |a 510/.1 
100 1 |a Menger, Karl,  |d 1902-1985. 
245 1 0 |a Selected papers in logic and foundations, didactics, economics /  |c Karl Menger. 
264 1 |a Dordrecht ;  |a Boston :  |b D. Reidel Pub. Co.,  |c [1978] 
264 4 |c ©1978 
300 |a xii, 341 pages :  |b illustrations, portrait ;  |c 23 cm. 
336 |a text  |b txt  |2 rdacontent 
337 |a unmediated  |b n  |2 rdamedia 
338 |a volume  |b nc  |2 rdacarrier 
490 1 |a Vienna circle collection ;  |v v. 10 
500 |a Includes index. 
504 |a "Karl Menger bibliography": pages 327-338. 
650 0 |a Mathematics  |x Philosophy. 
650 0 |a Logic, Symbolic and mathematical. 
650 0 |a Mathematics  |x Study and teaching. 
650 0 |a Uncertainty. 
650 0 |a Diminishing returns. 
830 0 |a Vienna Circle collection ;  |v v. 10. 
999 |a MARS 
999 f f |s c85328a3-0cdd-3110-a4d8-9169157a3418  |i 7307cfcb-5678-371b-aae6-1dbac080f6f1  |t 0 
952 f f |p ric  |a Texas A&M University  |b Rellis Campus  |c Joint Library Facility  |s JLF  |d Remote Storage  |t 0  |e QA8.4 .M46  |h Library of Congress classification  |i unmediated -- volume  |m A14804434339 
998 f f |a QA8.4 .M46  |t 0  |l Remote Storage